|
|
|
|
| LEADER |
00000nab a2200000 a 4500 |
| 001 |
vtls008984887 |
| 003 |
SK-MaSNL |
| 005 |
20260426073016.0 |
| 008 |
070427c20070302xo ur| 0 0slo |
| 015 |
|
|
|a SNBRB2007/04
|
| 038 |
|
|
|a RVGKPD
|
| 040 |
|
|
|a RVGKPD
|b slo
|c RVGKPD
|e AACR2
|
| 041 |
|
|
|a slo
|
| 044 |
|
|
|a xo
|c SK
|
| 080 |
|
|
|a 336.27
|x (437.6)
|2 1997
|
| 100 |
1 |
|
|a Hambálková, Jana
|4 aut
|9 1160993
|
| 245 |
1 |
0 |
|a Štát si požičal spolu 400 miliárd
|c Jana Hambálková
|
| 300 |
|
|
|b Fotogr., grafy
|
| 650 |
0 |
7 |
|a štátny dlh
|2 rvgkpd
|9 2362
|
| 651 |
|
7 |
|a Slovensko
|2 rvgkpd
|9 14231
|
| 773 |
0 |
|
|t Pravda
|g Roč. XVII, č. 51 (2.3.2007)
|x 1335-4051
|
| 773 |
0 |
|
|i [Príl.]
|t Ekonomika
|g (2.3.2007), s. 10
|
| 852 |
|
|
|a RVGKPD
|b KIS3G
|
| 992 |
|
|
|a RBX
|
| 999 |
|
|
|c 2696036
|d 2697966
|